00382nam a2200145Ia 4500003000500000008004100005020001800046040001900064082000700083100001800090245006100108260004700169300000800216546001200224STCL181203s9999 xx 000 0 und d a9780618318810 aSTCLbENcSTCL 222 aBaldwin, Dean 3aAn Anthology of Colonial and Postcolonial Short Fiction  bWadsworth Cengage Learning aBelmontc2007 a925 aEnglish